000 00611nam a2200253Ia 4500
003 OSt
005 20221007095123.0
006 a|||||r|||| 00| 0
007 ta
008 221006b |||||||| |||| 00| 0 eng d
024 _a895
037 _cTextual
040 _aLCO
_cLCO
_beng
041 _2eng
_aeng
082 _aZ2,5y, M4
100 _aSAXENA R.N
245 0 _aIndian Penal Code.
250 _a10
260 _aAllahabad
_bCentral Law Agency
_c1984
300 _a444
650 _aINDIAN PENAL CODE
942 _hZ2,5y, M4
_cTEXL
999 _c1170458
_d1170458